[Event "FIN-chT 2022"]
[Site "Finland"]
[Date "2021.10.16"]
[Round "3.4"]
[White "Ponnio, Toni"]
[Black "Sisatto, Olli"]
[Result "1/2-1/2"]
[WhiteElo "2158"]
[BlackElo "2280"]
[PlyCount "40"]
[EventDate "2020.09.12"]
[EventType "team-tourn"]
[EventRounds "11"]
[EventCountry "FIN"]
[SourceTitle "EXT 2023"]
[Source "ChessBase"]
[SourceDate "2022.10.05"]
[SourceVersion "1"]
[SourceVersionDate "2022.10.05"]
[SourceQuality "1"]
[WhiteTeam "Tampere Tammer"]
[BlackTeam "Sastamala VammSK"]
[WhiteTeamCountry "FIN"]
[BlackTeamCountry "FIN"]

1. d4 Nf6 2. c4 e6 3. Nf3 d5 4. Nc3 Nbd7 5. Bg5 c6 6. e3 Qa5 7. cxd5 exd5 8. Bd3 Ne4 9. 0-0 Nxg5 10. Nxg5 Be7 11. Nf3 0-0 12. Qc2 g6 13. a3 Qd8 14. b4 a6 15. Na4 Bd6 16. Nc5 Qc7 17. e4 dxe4 18. Nxe4 Nb6 19. Nxd6 Qxd6 20. Qc5 Qd8 1/2-1/2

[Event "FIN-chT2 Gp2 1819"]
[Site "Finland"]
[Date "2018.12.08"]
[Round "4.1"]
[White "Sisatto, Olli"]
[Black "Kekalainen, Timo"]
[Result "1-0"]
[WhiteElo "2262"]
[BlackElo "1881"]
[PlyCount "57"]
[EventDate "2018.09.15"]
[EventType "team-tourn"]
[EventRounds "6"]
[EventCountry "FIN"]
[SourceTitle "EXT 2020"]
[Source "ChessBase"]
[SourceDate "2019.10.17"]
[SourceVersion "1"]
[SourceVersionDate "2019.10.17"]
[SourceQuality "1"]
[WhiteTeam "Akaa"]
[BlackTeam "Hameenlinna II"]
[WhiteTeamCountry "FIN"]
[BlackTeamCountry "FIN"]

1. d4 Nf6 2. Nf3 e6 3. Bg5 h6 4. Bf4 d5 5. e3 c5 6. Nbd2 Nc6 7. c3 Bd6 8. Bg3 0-0 9. Bd3 Qc7 10. dxc5 Bxg3 11. hxg3 e5 12. e4 dxe4 13. Nxe4 Nxe4 14. Bxe4 Be6 15. Ng5 Qe7 16. Nxe6 Qxe6 17. Qd6 Qxd6 18. cxd6 Rac8 19. 0-0-0 Rfd8 20. g4 Nd4 21. Kb1 Nb5 22. d7 Rb8 23. Rh5 f6 24. f4 g5 25. fxe5 fxe5 26. Rxh6 Kf7 27. Rh7+ Ke6 28. Bf5+ Kf6 29. a4 1-0

[Event "FIN-chT2 Gp2 1819"]
[Site "Finland"]
[Date "2018.09.16"]
[Round "2.1"]
[White "Sisatto, Olli"]
[Black "Kumpulainen, Jari"]
[Result "1-0"]
[WhiteElo "2262"]
[BlackElo "1943"]
[PlyCount "91"]
[EventDate "2018.09.15"]
[EventType "team-tourn"]
[EventRounds "6"]
[EventCountry "FIN"]
[SourceTitle "EXT 2020"]
[Source "ChessBase"]
[SourceDate "2019.10.17"]
[SourceVersion "1"]
[SourceVersionDate "2019.10.17"]
[SourceQuality "1"]
[WhiteTeam "Akaa"]
[BlackTeam "Hyvinkaa SK"]
[WhiteTeamCountry "FIN"]
[BlackTeamCountry "FIN"]

1. d4 Nf6 2. Nf3 e6 3. e3 d5 4. Bd3 c5 5. b3 cxd4 6. exd4 Nc6 7. 0-0 Bd6 8. Bb2 0-0 9. Nbd2 Bd7 10. a3 Rc8 11. Ne5 Qc7 12. f4 Ne7 13. Qf3 Ng6 14. Rae1 Qa5 15. b4 Qb6 16. c4 Qd8 17. c5 Be7 18. Qh3 a6 19. f5 exf5 20. Nxd7 Nxd7 21. Bxf5 Rc7 22. Nf3 Bf6 23. Ne5 Nb8 24. Bb1 Nc6 25. Rf5 Re7 26. Ref1 Bxe5 27. dxe5 Qd7 28. Qd3 Qe6 29. h4 Rd8 30. h5 Nf8 31. Qg3 d4 32. Rg5 g6 33. hxg6 fxg6 34. Rf6 Qd7 35. Ba2+ Kg7 36. Rd6 Qe8 37. e6 Nxe6 38. Rgd5 Rxd6 39. Rxd6 Kh8 40. Qg4 Ng7 41. Bxd4 Re4 42. Bxg7+ Kxg7 43. Qd7+ Qe7 44. Bd5 Re1+ 45. Kh2 Nd8 46. Qxe7+ 1-0

[Event "FIN-chT1A 1617"]
[Site "Finland"]
[Date "2016.10.09"]
[Round "4.2"]
[White "Sisatto, Olli"]
[Black "Kinnunen, Kari"]
[Result "1-0"]
[WhiteElo "2243"]
[BlackElo "2151"]
[PlyCount "91"]
[EventDate "2016.09.17"]
[EventType "team-tourn"]
[EventRounds "7"]
[EventCountry "FIN"]
[SourceTitle "EXT 2019"]
[Source "ChessBase"]
[SourceDate "2018.10.10"]
[SourceVersion "1"]
[SourceVersionDate "2018.10.10"]
[SourceQuality "1"]
[WhiteTeam "Sastamala VammSK"]
[BlackTeam "Vaasa VSS"]
[WhiteTeamCountry "FIN"]
[BlackTeamCountry "FIN"]

1. d4 d5 2. Bf4 Nf6 3. e3 e6 4. Nf3 Be7 5. c4 0-0 6. Nc3 b6 7. cxd5 exd5 8. Bd3 Bb7 9. 0-0 a6 10. Rc1 Bd6 11. Ne5 Qe7 12. Bg3 Rd8 13. f4 Nbd7 14. Bh4 c5 15. Bf5 Nf8 16. Ng4 Ng6 17. Bxf6 gxf6 18. Rf3 Kh8 19. Rh3 cxd4 20. Qxd4 Bc5 21. Nxf6 Nf8 22. Qe5 Qxe5 23. fxe5 d4 24. Nce4 dxe3 25. Nxc5 bxc5 26. Bxh7 Kg7 27. Rg3+ Ng6 28. Bxg6 fxg6 29. Rxe3 Rd2 30. Rg3 Rad8 31. Nh5+ Kh6 32. Nf4 Be4 33. Rh3+ Kg5 34. Ne6+ Kf5 35. Nxd8 Rxd8 36. Re1 Rd2 37. Rg3 Rxb2 38. e6 Rb8 39. h4 Bc6 40. Rg5+ Kf6 41. Rxc5 Bb5 42. Rc7 Be8 43. Ra7 Rb6 44. Rf1+ Ke5 45. e7 Ke6 46. Ra8 1-0

[Event "Panevezys op-A 28th"]
[Site "Panevezys"]
[Date "2015.08.22"]
[Round "8"]
[White "Laurusas, Tomas"]
[Black "Sisatto, Olli"]
[Result "1-0"]
[WhiteElo "2421"]
[BlackElo "2268"]
[PlyCount "63"]
[EventDate "2015.08.17"]
[EventType "swiss"]
[EventRounds "9"]
[EventCountry "LTU"]
[SourceTitle "EXT 2016"]
[Source "ChessBase"]
[SourceDate "2015.10.08"]
[SourceVersion "1"]
[SourceVersionDate "2015.10.08"]
[SourceQuality "1"]

1. c4 e6 2. Nf3 Nf6 3. d4 d5 4. Nc3 Be7 5. Bg5 h6 6. Bh4 0-0 7. e3 b6 8. cxd5 Nxd5 9. Bxe7 Qxe7 10. Nxd5 exd5 11. Qb3 Be6 12. Be2 c5 13. Qa3 Rc8 14. Rc1 Kf8 15. dxc5 bxc5 16. 0-0 a5 17. Rc3 Nd7 18. Rfc1 Rcb8 19. b3 g6 20. h3 Rb4 21. Ne1 Qg5 22. Kf1 Kg8 23. Nd3 d4 24. Rxc5 Nxc5 25. Rxc5 Qe7 26. exd4 Re8 27. Nxb4 axb4 28. Qxb4 Bxh3 29. Qd2 Qe4 30. f3 Bxg2+ 31. Kf2 Qe7 32. Re5 1-0

[Event "Panevezys op-A 28th"]
[Site "Panevezys"]
[Date "2015.08.17"]
[Round "1"]
[White "Sisatto, Olli"]
[Black "Dragun, Valentin"]
[Result "1/2-1/2"]
[WhiteElo "2268"]
[BlackElo "2073"]
[PlyCount "66"]
[EventDate "2015.08.17"]
[EventType "swiss"]
[EventRounds "9"]
[EventCountry "LTU"]
[SourceTitle "EXT 2016"]
[Source "ChessBase"]
[SourceDate "2015.10.08"]
[SourceVersion "1"]
[SourceVersionDate "2015.10.08"]
[SourceQuality "1"]

1. d4 g6 2. g3 Bg7 3. Bg2 Nf6 4. Nf3 0-0 5. 0-0 d6 6. a4 a5 7. Nc3 Nc6 8. d5 Nb4 9. e4 e6 10. h3 Re8 11. Nd4 exd5 12. exd5 Bd7 13. Be3 Qc8 14. Kh2 h5 15. Qd2 Bf5 16. Nxf5 Qxf5 17. Rac1 Nd7 18. Nb5 Rac8 19. c3 Nd3 20. Rcd1 N3c5 21. Nd4 Bxd4 22. Qxd4 b6 23. Qh4 Ne5 24. Bd4 Nf3+ 25. Bxf3 Qxf3 26. Qg5 Nd7 27. g4 hxg4 28. Qxg4 Ne5 29. Bxe5 Qxg4 30. hxg4 Rxe5 31. Kg3 Rce8 32. Rd4 R8e7 33. b4 Re2 1/2-1/2

[Event "Naantali Summer op"]
[Site "Naantali"]
[Date "2015.07.03"]
[Round "7"]
[White "Sisatto, Olli"]
[Black "Kiik, Kalle"]
[Result "1/2-1/2"]
[WhiteElo "2254"]
[BlackElo "2369"]
[PlyCount "105"]
[EventDate "2015.06.29"]
[EventType "swiss"]
[EventRounds "9"]
[EventCountry "FIN"]
[SourceTitle "EXT 2022"]
[Source "ChessBase"]
[SourceDate "2021.10.06"]
[SourceVersion "1"]
[SourceVersionDate "2021.10.06"]
[SourceQuality "1"]

1. d4 g6 2. g3 Bg7 3. Bg2 d6 4. Nf3 c6 5. a4 Bg4 6. 0-0 Qd7 7. c3 Nf6 8. Re1 Na6 9. e4 0-0 10. e5 Nd5 11. exd6 exd6 12. Nbd2 Nac7 13. Qc2 Rae8 14. Nf1 Rxe1 15. Nxe1 Re8 16. Bd2 h6 17. Nf3 Bf5 18. Qb3 b6 19. Re1 Rxe1 20. Nxe1 g5 21. Ne3 Nxe3 22. Bxe3 Be6 23. Qc2 Nd5 24. Bd2 Nf6 25. Qd3 c5 26. d5 Bf5 27. Qa6 Qe7 28. h3 Ne4 29. Nf3 h5 30. Qe2 Bf6 31. Be3 Kg7 32. Nh2 Bg6 33. Bf3 Qe5 34. Nf1 h4 35. gxh4 gxh4 36. Nd2 Nxd2 37. Qxd2 Qf5 38. Kg2 Qc2 39. Bh6+ Kh7 40. Qf4 Qf5 41. Qd2 Be5 42. Bg5 Qc2 43. Qxc2 Bxc2 44. Bxh4 Bxa4 45. Be4+ Kg7 46. Bg5 Bb3 47. f4 Bf6 48. h4 b5 49. h5 Bxg5 50. fxg5 a5 51. Kf2 b4 52. h6+ Kg8 53. Ke3 1/2-1/2

[Event "FIN-chT 1415"]
[Site "Finland"]
[Date "2014.10.19"]
[Round "4.5"]
[White "Sisatto, Olli"]
[Black "Varpanen, Jan"]
[Result "1/2-1/2"]
[WhiteElo "2260"]
[BlackElo "1957"]
[PlyCount "74"]
[EventDate "2014.09.27"]
[EventType "team-tourn"]
[EventRounds "11"]
[EventCountry "FIN"]
[SourceTitle "EXT 2016"]
[Source "ChessBase"]
[SourceDate "2015.10.08"]
[SourceVersion "1"]
[SourceVersionDate "2015.10.08"]
[SourceQuality "1"]
[WhiteTeam "Tampere Tammer"]
[BlackTeam "Helsinki HSK"]
[WhiteTeamCountry "FIN"]
[BlackTeamCountry "FIN"]

1. d4 Nf6 2. c4 g6 3. Nc3 d5 4. Nf3 Bg7 5. e3 0-0 6. Qb3 e6 7. Qa3 b6 8. Be2 dxc4 9. Bxc4 Bb7 10. 0-0 Nbd7 11. Rd1 c5 12. dxc5 Qc7 13. Bd2 Qxc5 14. Qxc5 Nxc5 15. Rac1 Rfd8 16. Be1 Nfe4 17. Rxd8+ Rxd8 18. Rd1 Rc8 19. Nxe4 Nxe4 20. b3 Nc5 21. Kf1 Bf6 22. Bb4 a5 23. Ba3 a4 24. Rd6 axb3 25. axb3 Ra8 26. Bb4 Ra1+ 27. Ke2 Ra2+ 28. Rd2 Ra1 29. Rd6 Ra2+ 30. Rd2 Rxd2+ 31. Bxd2 Ne4 32. Bb4 Nc3+ 33. Kd2 Ne4+ 34. Ke2 Nc3+ 35. Kd2 Nd5 36. Bd6 Nc3 37. Bb4 Ne4+ 1/2-1/2

[Event "FIN-chT 1314"]
[Site "Finland"]
[Date "2013.11.03"]
[Round "6.4"]
[White "Ristoja, Samu"]
[Black "Sisatto, Olli"]
[Result "1-0"]
[WhiteElo "2103"]
[BlackElo "2249"]
[PlyCount "115"]
[EventDate "2013.09.21"]
[EventType "team-tourn"]
[EventRounds "11"]
[EventCountry "FIN"]
[SourceTitle "EXT 2014"]
[Source "ChessBase"]
[SourceDate "2013.11.20"]
[SourceVersion "1"]
[SourceVersionDate "2013.11.20"]
[SourceQuality "1"]
[WhiteTeam "Helsinki Garde"]
[BlackTeam "Sastamala VammSK"]
[WhiteTeamCountry "FIN"]
[BlackTeamCountry "FIN"]

1. e4 e5 2. Nf3 Nf6 3. Nxe5 d6 4. Nf3 Nxe4 5. Nc3 Nxc3 6. dxc3 Be7 7. Bf4 Nc6 8. Qd2 Be6 9. Bb5 0-0 10. 0-0-0 a6 11. Bd3 Na5 12. b3 c5 13. Be4 Qb6 14. Ng5 Bxg5 15. Bxg5 c4 16. b4 Nc6 17. a4 a5 18. Be3 Qc7 19. b5 d5 20. Bf3 Qe7 21. Kb2 Nb4 22. Qd4 Nxc2 23. Kxc2 Qa3 24. Kd2 Qxa4 25. Ra1 Qxb5 26. Rhb1 Qd7 27. Qb6 Bf5 28. Rb5 Be4 29. Raxa5 Rxa5 30. Rxa5 h6 31. Qb5 Qc7 32. Bxe4 dxe4 33. g3 Rd8+ 34. Bd4 Qc8 35. Qe5 Qg4 36. h3 Qg6 37. Qf5 Qb6 38. Qe5 Qb2+ 39. Ke3 Qc1+ 40. Kxe4 Qh1+ 41. Kf4 f6 42. Qe6+ Kh8 43. f3 Qg2 44. Kg4 Qd2 45. Rd5 Rxd5 46. Qxd5 Qd3 47. Qe4 Qd2 48. h4 Qb2 49. Kh5 Qb5+ 50. Kg6 Qd7 51. Bc5 Qd8 52. Qe7 Qd3+ 53. Kf7 Qd5+ 54. Ke8 Qc6+ 55. Kf8 Qc8+ 56. Qe8 Qc7 57. Be7 Kh7 58. Kf7 1-0

[Event "FIN-chT 1314"]
[Site "Finland"]
[Date "2013.09.22"]
[Round "2.4"]
[White "Vaatainen, Timo"]
[Black "Sisatto, Olli"]
[Result "1/2-1/2"]
[WhiteElo "2224"]
[BlackElo "2249"]
[PlyCount "37"]
[EventDate "2013.09.21"]
[EventType "team-tourn"]
[EventRounds "11"]
[EventCountry "FIN"]
[SourceTitle "CBM 156 Extra"]
[Source "ChessBase"]
[SourceDate "2013.10.22"]
[SourceVersion "1"]
[SourceVersionDate "2013.10.22"]
[SourceQuality "1"]
[WhiteTeam "Helsinki Aatos"]
[BlackTeam "Sastamala VammSK"]
[WhiteTeamCountry "FIN"]
[BlackTeamCountry "FIN"]

1. e4 e5 2. Nf3 Nf6 3. d3 Nc6 4. Be2 d5 5. Nbd2 g6 6. 0-0 Bg7 7. c3 a5 8. b3 0-0 9. Re1 Re8 10. Bb2 h6 11. a3 Be6 12. b4 axb4 13. axb4 b5 14. Qc2 Qd6 15. exd5 Nxd5 16. Ne4 Qe7 17. Bf1 Rxa1 18. Rxa1 Nb6 19. Nfd2 1/2-1/2

[Event "FIN-chT 1314"]
[Site "Finland"]
[Date "2013.09.21"]
[Round "1.4"]
[White "Sisatto, Olli"]
[Black "Westerinen, Heikki MJ"]
[Result "1-0"]
[WhiteElo "2249"]
[BlackElo "2281"]
[PlyCount "85"]
[EventDate "2013.09.21"]
[EventType "team-tourn"]
[EventRounds "11"]
[EventCountry "FIN"]
[SourceTitle "CBM 156 Extra"]
[Source "ChessBase"]
[SourceDate "2013.10.22"]
[SourceVersion "1"]
[SourceVersionDate "2013.10.22"]
[SourceQuality "1"]
[WhiteTeam "Sastamala VammSK"]
[BlackTeam "Salo SalSK"]
[WhiteTeamCountry "FIN"]
[BlackTeamCountry "FIN"]

1. d4 Nf6 2. c4 g6 3. Nc3 Bg7 4. e4 d6 5. Be2 0-0 6. Bg5 h6 7. Be3 e5 8. d5 c6 9. Qd2 Kh7 10. h4 cxd5 11. cxd5 Nbd7 12. g4 Nc5 13. f3 Bd7 14. Nh3 Ng8 15. Ng5+ Kh8 16. h5 f6 17. Ne6 Bxe6 18. dxe6 g5 19. Bc4 Re8 20. Rd1 Nxe6 21. Qxd6 Nf4 22. Qxd8 Rexd8 23. Bxf4 Rxd1+ 24. Kxd1 exf4 25. Bxg8 Kxg8 26. Ke2 Kf7 27. Rd1 Ke6 28. Nb5 Rc8 29. Nd4+ Kf7 30. Nf5 Rc7 31. Rd8 Bf8 32. Kd3 a6 33. Nd4 Bg7 34. a4 Re7 35. Nf5 Rc7 36. b4 Bf8 37. b5 axb5 38. axb5 Bb4 39. Nxh6+ Ke7 40. Rb8 Rc3+ 41. Kd4 Rxf3 42. Nf5+ Ke6 43. Kc4 1-0

[Event "FIN Team Cup"]
[Site "Finland"]
[Date "2013.09.08"]
[Round "6.2"]
[White "Maki Uuro, Miika"]
[Black "Sisatto, Olli"]
[Result "1/2-1/2"]
[WhiteElo "2336"]
[BlackElo "2274"]
[PlyCount "31"]
[EventDate "2013.04.06"]
[EventType "team-k.o."]
[EventRounds "6"]
[EventCountry "FIN"]
[SourceTitle "EXT 2022"]
[Source "ChessBase"]
[SourceDate "2021.10.06"]
[SourceVersion "1"]
[SourceVersionDate "2021.10.06"]
[SourceQuality "1"]
[WhiteTeam "Espoo MatSK"]
[BlackTeam "Vammala SK"]
[WhiteTeamCountry "FIN"]
[BlackTeamCountry "FIN"]

1. d4 d5 2. c4 dxc4 3. e3 e5 4. Bxc4 exd4 5. exd4 Nf6 6. Nf3 Bd6 7. 0-0 0-0 8. Nc3 Nc6 9. h3 h6 10. Qc2 Nb4 11. Qb1 Be6 12. Bxe6 fxe6 13. a3 Nbd5 14. Re1 Qe8 15. Ne5 Qh5 16. Bd2 1/2-1/2

[Event "Budapest FS06 IM"]
[Site "Budapest"]
[Date "2013.06.05"]
[Round "5"]
[White "Korpa, Bence"]
[Black "Sisatto, Olli"]
[Result "1/2-1/2"]
[WhiteElo "2357"]
[BlackElo "2274"]
[PlyCount "268"]
[EventDate "2013.06.01"]
[EventType "tourn"]
[EventRounds "9"]
[EventCountry "HUN"]
[EventCategory "2"]
[SourceTitle "CBM 154 Extra"]
[Source "ChessBase"]
[SourceDate "2013.06.25"]
[SourceVersion "2"]
[SourceVersionDate "2013.06.25"]
[SourceQuality "1"]

1. e4 e6 2. d4 d5 3. Nc3 h6 4. a3 dxe4 5. Nxe4 Bd7 6. Nf3 Bc6 7. Bd3 Nd7 8. 0-0 Ngf6 9. Ned2 Be7 10. Nc4 Be4 11. Bf4 Nb6 12. Bxe4 Nxe4 13. Qd3 Nxc4 14. Qxc4 c6 15. Rfe1 Nf6 16. Qb3 Qb6 17. Qd3 0-0 18. c4 Rfd8 19. Qe2 Qa5 20. Be5 Re8 21. Rad1 Qa4 22. Rc1 Rad8 23. Nd2 c5 24. dxc5 Nd7 25. Nf3 Nxc5 26. Rcd1 Rd7 27. Rxd7 Nxd7 28. Bc3 Nb6 29. Nd2 Bg5 30. Qg4 e5 31. b3 Qxa3 32. h4 Bxd2 33. Bxd2 Re6 34. Qf3 Qe7 35. Bc3 f6 36. Ra1 a6 37. Rd1 e4 38. Qe3 Nd7 39. Qa7 Nf8 40. h5 e3 41. fxe3 Rxe3 42. Bb4 Qe4 43. Qb8 Re2 44. Qg3 Ne6 45. Rd7 Ng5 46. Bc5 Qb1+ 47. Kh2 Qf5 48. Rd8+ Kh7 49. Qd3 Re4 50. Rd5 Qg4 51. Kg1 f5 52. Bf2 Qxh5 53. Rxf5 Qg6 54. Rd5 Ne6 55. Be3 Nf4 56. Bxf4 Rxf4 57. Qh3 Qb1+ 58. Kh2 Qg6 59. Kg1 Re4 60. Qd3 Re1+ 61. Kf2 Qxd3 62. Rxd3 Rb1 63. Kf3 Rb2 64. g3 Kg8 65. Ke4 Re2+ 66. Kd5 h5 67. Kd6 Kf7 68. Rd5 Re3 69. b4 Re6+ 70. Kc7 Rc6+ 71. Kxb7 Rxc4 72. Rxh5 Rxb4+ 73. Kxa6 Rb3 74. g4 Rb4 75. Rh1 Kf6 76. Ka5 Rxg4 77. Kb5 Rd4 78. Kc5 Rd3 79. Kc4 Rd7 80. Rf1+ Ke5 81. Re1+ Kf4 82. Rf1+ Ke4 83. Re1+ Kf3 84. Rg1 Ke3 85. Kc5 Kf2 86. Rg6 Kf3 87. Rg1 Ke4 88. Re1+ Kf5 89. Rf1+ Ke5 90. Re1+ Kf6 91. Rf1+ Ke7 92. Re1+ Kf8 93. Rg1 Kg8 94. Kc4 Rd6 95. Kc5 Rd8 96. Kc4 Kf7 97. Rf1+ Ke6 98. Rg1 Kf6 99. Rf1+ Ke5 100. Rg1 Rd7 101. Re1+ Kf5 102. Rf1+ Kg4 103. Rg1+ Kh5 104. Rh1+ Kg6 105. Rg1+ Kf7 106. Rf1+ Ke8 107. Re1+ Re7 108. Rg1 Kf7 109. Kd4 g6 110. Kd5 Re3 111. Kd4 Re6 112. Kd5 Re8 113. Kd4 Re6 114. Kd5 Re2 115. Kd4 Kg7 116. Kd5 Re3 117. Kd4 Re2 118. Kd5 Rf2 119. Ke5 Kf7 120. Rg3 Rf5+ 121. Ke4 Kf6 122. Rg2 Rf1 123. Rg3 Ra1 124. Rb3 Rf1 125. Rg3 Rf2 126. Ke3 Ra2 127. Rg1 g5 128. Kf3 Kf5 129. Rb1 Ra3+ 130. Kg2 Kg4 131. Rb4+ Kh5 132. Rb2 Kh4 133. Rb4+ g4 134. Rb2 Ra8 1/2-1/2

[Event "FIN-chT 1213"]
[Site "Finland"]
[Date "2012.10.27"]
[Round "4.3"]
[White "Kokkila, Tero"]
[Black "Sisatto, Olli"]
[Result "1/2-1/2"]
[WhiteElo "2323"]
[BlackElo "2258"]
[PlyCount "154"]
[EventDate "2012.09.28"]
[EventType "team-tourn"]
[EventRounds "11"]
[EventCountry "FIN"]
[SourceTitle "EXT 2013"]
[Source "ChessBase"]
[SourceDate "2012.11.22"]
[SourceVersion "1"]
[SourceVersionDate "2012.11.22"]
[SourceQuality "1"]
[WhiteTeam "Vantaa"]
[BlackTeam "Sastamala VammSK"]
[WhiteTeamCountry "FIN"]
[BlackTeamCountry "FIN"]

1. e4 e5 2. Nf3 Nf6 3. Nxe5 d6 4. Nxf7 Kxf7 5. d4 c5 6. dxc5 Qa5+ 7. Nc3 Qxc5 8. Be3 Qc7 9. Nb5 Qa5+ 10. c3 Nc6 11. Bc4+ d5 12. exd5 Ne5 13. Qd4 Nxc4 14. Qxc4 Bd7 15. d6+ Be6 16. Qc7+ Qxc7 17. Nxc7 Rd8 18. Nxe6 Kxe6 19. Bxa7 Bxd6 20. Bb6 Rd7 21. 0-0-0 Bf4+ 22. Kc2 Rxd1 23. Rxd1 Bxh2 24. g3 Ng4 25. Re1+ Kd5 26. Bd4 Rf8 27. Re7 Nxf2 28. Rxg7 h5 29. Rxb7 Bxg3 30. Rb5+ Ke4 31. Rxh5 Nd3 32. Rh7 Ne1+ 33. Kb3 Rb8+ 34. Kc4 Rxb2 35. Re7+ Kf5 36. a4 Nc2 37. Bc5 Bh4 38. Re8 Bf6 39. a5 Ra2 40. Bb6 Ra3 41. Bd4 Nxd4 42. cxd4 Rxa5 43. d5 Be5 44. Rf8+ Ke4 45. Rf1 Ra4+ 46. Kc5 Bd4+ 47. Kb5 Ra7 48. Kc6 Ra6+ 49. Kb5 Rd6 50. Kc4 Rd8 51. Re1+ Be3 52. Rd1 Rc8+ 53. Kb5 Rc5+ 54. Kb4 Bd4 55. Rh1 Rxd5 56. Rh4+ Kd3 57. Rh3+ Be3 58. Ka4 Rd6 59. Ka5 Re6 60. Kb5 Rb6+ 61. Ka5 Rb3 62. Ka4 Rb7 63. Ka5 Kd4 64. Ka6 Rb3 65. Rh7 Kc5 66. Rc7+ Kd5 67. Rb7 Ra3+ 68. Kb5 Bc5 69. Rd7+ Bd6 70. Rb7 Ra8 71. Kb6 Bc5+ 72. Kc7 Rh8 73. Kd7 Rh6 74. Kc7 Re6 75. Kd7 Bb6 76. Kc8 Kc6 77. Rc7+ Bxc7 1/2-1/2